Analog products catalog
Bewaard in:
| Coauteur: | |
|---|---|
| Formaat: | Boek |
| Taal: | Engels |
| Gepubliceerd in: |
Cupertino
Intersil
1970
|
| Onderwerpen: | |
| Tags: |
Voeg label toe
Geen labels, Wees de eerste die dit record labelt!
|
MARC
| LEADER | 00000nam a2200000 a 4500 | ||
|---|---|---|---|
| 001 | UCV6537 | ||
| 003 | CL-VaPUC | ||
| 008 | 930112e19700000US |||||||||||||||||eng|d | ||
| 082 | 0 | 4 | |a 621.395 |b INT |2 21 |
| 110 | 2 | |a Intersil |e author |9 300674 | |
| 245 | 1 | 0 | |a Analog products catalog |
| 300 | |a 2 v | ||
| 942 | |c BK | ||
| 945 | |d 19930112 00:00:00 |a mfernand | ||
| 260 | |a Cupertino |b Intersil |c 1970 | ||
| 650 | 0 | |a Reguladores de voltaje |9 263531 | |
| 650 | 0 | |a Amplificadores operacionales |9 260740 | |
| 650 | 0 | |a Catálogos |9 256258 | |
| 650 | 7 | |a INTERRUPTORES ELECTRICOS |2 CL-VaPUC |9 263532 | |
| 583 | |a last modification |c 19930112 00:00:00 |k Rodrigo Vera | ||
| 999 | |c 212549 |d 212547 | ||
| 952 | |0 0 |1 0 |4 0 |6 621_395000000000000_INT_1970 |7 0 |8 A |9 193606 |a BIBING |b BIBING |d 2019-11-14 |h v.1 |i 2616092 |o 621.395 INT 1970 |p 2616092 |r 2025-01-20 |w 2019-11-14 |y BK |k EIE | ||
| 952 | |0 0 |1 0 |4 0 |6 621_395000000000000_INT_1970 |7 0 |8 A |9 193607 |a BIBING |b BIBING |d 2019-11-14 |h v.2 |i 2616106 |o 621.395 INT 1970 |p 2616106 |r 2025-01-20 |w 2019-11-14 |y BK |k EIE | ||